00934 2200349 4500001002100000005001500021035002000036007000300056040001700059100002100076245004800097250001100145300003500156020002200191041000800213082001000221084001600231090002100247264003300268336002100301337003000322338002300352500002800375650001400403700002800417850001000445008004100455990002200496990002200518990002200540990002200562INLIS00000000000808820260529081834 a0010-0922000577ta aSBPUPADbind0 aIsroiePengarang1 aFotografi Asyik dengan Kamera Saku /cIsroi a.-Ed.1 ax,94 hlm :bilus. ;c23 x19 cm a978-979-29-2118-2 aind a778.3 a778.3 ISR f a778.3 ISR f 23-5 a.--Yogyakarta :bANDI,c2013 2rdacontentateks 2rdamediaatanpa perantara 2rdacarrieravolume aTentang Penulis, hlm 93 4aFotografi aEditor, SenoePengarang aPUPAD260529 0  a27.759/H/DPK/2018 a27.760/H/DPK/2018 a27.761/H/DPK/2018 a27.762/H/DPK/2018